|
|
|
|
| LEADER |
00591cam a2200193ua 4500 |
| 020 |
|
|
|a 81-203-1460-3
|
| 082 |
|
|
|a 658.2
|b FRA/F
|
| 100 |
|
|
|a Francis, Richard L
|
| 245 |
1 |
0 |
|a Facility layout and location: an analytical approach
|
| 260 |
|
|
|a New Delhi
|b Prentice Hall
|c 1999
|
| 300 |
|
|
|a xvi,589p.
|
| 500 |
|
|
|a Includes index.
|
| 650 |
|
|
|a Plant management
|
| 650 |
0 |
|
|a Management
|
| 700 |
|
|
|a McGinnis, Jr. Leon F
|
| 700 |
0 |
2 |
|a White, John A
|
| 942 |
|
|
|c BK
|
| 999 |
|
|
|c 2748
|d 2748
|
| 952 |
|
|
|0 0
|1 0
|4 0
|6 658_200000000000000_FRAF
|7 0
|9 2872
|a KUCL
|b KUCL
|d 2014-05-23
|l 0
|o 658.2 FRA/F
|p 05876
|r 2014-05-23
|y BK
|